Science Quiz

Random Science or Biology Quiz

Baby Beasts II Quiz Stats

Quiz Updated Nov 8, 2017

Also try: Baby Beasts
Challenge
Share
Tweet
Score 0/16 Timer 04:00
0 Plays Today
Image Animal % Correct
Tiger
99.1%
Deer
97.8%
Rabbit
97.7%
Orca
97.5%
Kangaroo
97.1%
Skunk
97.1%
Sea Lion
94.1%
Pygmy hippopotamus
92.3%
Image Animal % Correct
Dog
90.9%
Squirrel
82.8%
Hedgehog
82.5%
Moose
63.7%
Wild boar
58%
Aye-aye
42.2%
Stoat
24.9%
Bush baby
23.6%

You're not logged in!

Compare scores with friends on all Sporcle quizzes.
Sign Up with Email
OR
Log In

You Might Also Like...

Show Comments

Extras

Top Quizzes Today


Score Distribution

Your Account Isn't Verified!

In order to create a playlist on Sporcle, you need to verify the email address you used during registration. Go to your Sporcle Settings to finish the process.

Report this User

Report this user for behavior that violates our Community Guidelines.

Details: